|
|
|
|
| LEADER |
01279nam a2200253 a 4500 |
| 001 |
001322893 |
| 008 |
090601s1997 ilua 000 0 eng d |
| 020 |
|
|
|a 0256235694
|
| 082 |
0 |
0 |
|a 658.15
|2 20
|
| 100 |
1 |
|
|a Garrison, Ray H.
|
| 245 |
1 |
0 |
|a Workbook/study guide for use with managerial accounting :
|b concepts for planning, control, decision making /
|c Ray H. Garrison, Eric W. Noreen.
|
| 246 |
1 |
3 |
|a Managerial accounting
|
| 250 |
|
|
|a 8th ed.
|
| 260 |
|
|
|a Chicago, Ill. :
|b Irwin,
|c c1997.
|
| 300 |
|
|
|a v, 242 p. :
|b ill. ;
|c 28 cm.
|
| 541 |
1 |
|
|e 0000001701
|
| 650 |
0 |
|
|a Managerial accounting.
|
| 700 |
1 |
|
|a Noreen, Eric W.
|
| 852 |
4 |
|
|a Ayesha Abed Library
|j General shelf
|
| 942 |
0 |
0 |
|0 2
|
| 999 |
|
|
|c 936
|d 936
|
| 952 |
|
|
|0 0
|1 0
|2 ddc
|4 0
|6 658_150000000000000_GAR
|7 0
|9 853
|a BRACUL
|b BRACUL
|c GEN
|d 2009-06-04
|g 0.00
|l 8
|m 114
|o 658.15 GAR
|p 3010011701
|r 2024-07-04
|s 2024-01-21
|t 1
|w 2009-06-04
|y BK
|x No price found in the accession register.
|
| 952 |
|
|
|0 0
|1 0
|2 ddc
|4 0
|6 658_150000000000000_GAR
|7 0
|9 14445
|a BRACUL
|b BRACUL
|c GEN
|d 2011-02-26
|l 7
|m 39
|o 658.15 GAR
|p 3010011699
|r 2024-02-18
|s 2024-01-24
|t 2
|w 2011-02-26
|y BK
|
| 952 |
|
|
|0 0
|1 0
|2 ddc
|4 0
|6 658_150000000000000_GAR
|7 0
|9 44614
|a BRACUL
|b BRACUL
|c GEN
|d 2015-01-01
|l 7
|m 54
|o 658.15 GAR
|p 3010007904
|r 2025-07-07
|s 2025-06-29
|t 3
|w 2015-01-01
|y BK
|